000
00313nam a2200121Ia 4500
008
190216s9999||||xx |||||||||||||| ||und||
100
_a
Halpern Alvin
245
0
_a
Sachum`S Solved Problems Series-3000 Solved Problems
260
_b
Tata Mcgrawhill Publishers
300
_a
751
650
_a
Physics
942
_c
BK
999
_c
33967
_d
33967